书目信息 |
| 题名: |
高频电子技术
|
|
| 作者: | 董敏 , 吴敦辉 编著 | |
| 分册: | ||
| 出版信息: | 北京 北京师范大学出版社 2006.08 |
|
| 页数: | 223页 | |
| 开本: | 26cm | |
| 丛书名: | 21世纪高职高专系列规划教材 | |
| 单 册: | ||
| 中图分类: | TN710.2 | |
| 科图分类: | ||
| 主题词: | 高频--gao pin--电子电路--高等学校--技术学校--教材 | |
| 电子资源: | ||
| ISBN: | 7-303-08058-9 | |
| 000 | 01083nam 2200277 450 | |
| 001 | 012007789526 | |
| 005 | 20070521092519.37 | |
| 010 | @a7-303-08058-9@dCNY22.50 | |
| 100 | @a20070312d2006 km y0chiy0120 ea | |
| 101 | 0 | @achi |
| 102 | @aCN@b110000 | |
| 105 | @aa a 000yy | |
| 200 | 1 | @a高频电子技术@Agao pin dian zi ji shu@f董敏, 吴敦辉编著@Fdong min,wu dun hui bian zhu |
| 210 | @a北京@c北京师范大学出版社@d2006.08 | |
| 215 | @a223页@c图@d26cm | |
| 225 | 2 | @a21世纪高职高专系列规划教材@A21 shi ji gao zhi gao zhuan xi lie gui hua jiao cai |
| 300 | @a教育部推荐教材 | |
| 320 | @a有书目 (第223页)。 | |
| 330 | @a高频电子线路是工程专科电子、通信类等专业的一门重要的技术基础课,它不仅有自身的体系,而且又有很强的实践性。本教材共分七章,涉及高频的基础知识、高频功率放大器 、混频路、反馈控制电路等。 | |
| 410 | 0 | @12001 @a21世纪高职高专系列规划教材 |
| 606 | 0 | @a高频@Agao pin@x电子电路@x高等学校@x技术学校@j教材 |
| 690 | @aTN710.2@v4 | |
| 701 | 0 | @a董敏@Adong min@4编著 |
| 701 | 0 | @a吴敦辉@Awu dun hui@4编著 |
| 801 | 0 | @aCN@c20070521 |
| 905 | @a10447@dTN710.2@eD725 | |
| 高频电子技术/董敏, 吴敦辉编著.-北京:北京师范大学出版社,2006.08 |
| 223页:图;26cm.-(21世纪高职高专系列规划教材) |
| 教育部推荐教材 |
| ISBN 7-303-08058-9:CNY22.50 |
| 高频电子线路是工程专科电子、通信类等专业的一门重要的技术基础课,它不仅有自身的体系,而且又有很强的实践性。本教材共分七章,涉及高频的基础知识、高频功率放大器 、混频路、反馈控制电路等。 |
| ● |
| 相关链接 |
|
|
|
正题名:高频电子技术
索取号:TN710.2/D725
 
预约/预借
| 序号 | 登录号 | 条形码 | 馆藏地/架位号 | 状态 | 备注 |
| 1 | 237015 | 202370157 | 自科库301/301自科库 101排2列3层/ [索取号:TN710.2/D725] | 在馆 | |
| 2 | 237016 | 202370166 | 自科库301/301自科库 31排2列1层/ [索取号:TN710.2/D725] | 在馆 |